01393nam a22003377a 4500003000400000005001700004008004100021040002200062082001800084100002500102245003000127260006000157300002100217366000800238490002900246505001200275505002100287505001200308505001400320505006900334505001100403505026400414650005500678650004700733650004800780650004300828650004500871650005600916650004700972700003601019OSt20230616083255.0221006b |||||||| |||| 00| 0 eng d cBiblioteca Lado V a709.05bG851a aGriffin, Timeeditor aArtforum/bInternacional/ aNew Yorkc2004bNew York editorial and business offices c26.5x27cma316p. eeng aOctubrev2004x0864-1315 tLetters tBACK TO TOMORROW tPOPISMS tMY WARHOL tPOP AFTER POPaA Roundtable Screen Test: Jeff Koons's Olive Oyl tMY POP tTHIS IS TODAYaSampling the Globe Pop Life: Los super Elegantes Performing the System Performing the Self: Martin Kippenberger TV, or Not TV: Alex Bag Subject to Revision What's Not to like?: Mike Kelley Black to Front: Robert Colescott Image Building 2Tesauro de Arte & ArquitecturaaARTE COMTEMPORANEO 2Tesauro de Arte & ArquitecturaaFOTOGRAFIA 2Tesauro de Arte & ArquitecturaaARTE VISUAL 2Tesauro de Arte & ArquitecturaaLIBROS 2Tesauro de Arte & ArquitecturaaNOTICIAS 2 Tesauro de Arte & ArquitecturaaARTE INTERNACIONAL 2 Tesauro de Arte & ArquitecturaaESCULTURA aNavarreta, Jose Antonioeeditor